Galatasaray Biggest Transfers - Statistics

General Stats
  • This quiz has been taken 169 times
  • The average score is 80 of 186
Answer Stats
% Correct
Incomings Argentina ST Mauro Icardi 23/24 Paris Saint-Germain
96%
Incomings Italy AM Nicolo Zaniolo 22/23 Roma
90%
Outgoings Italy AM Nicolo Zaniolo 23/24 Aston Villa
90%
Incomings Brazil ST Jardel 00/01 Porto
89%
Outgoings Brazil ST Jardel 01/02 Sporting CP
89%
Incomings Colombia CB Davinson Sanchez 23/24 Tottenham Hotspur
88%
Incomings Netherlands AM Wesley Sneijder 12/13 Inter Milan
88%
Incomings Senegal ST Mbaye Diagne 18/19 Kasimpasa
84%
Outgoings Senegal ST Mbaye Diagne 20/21 West Bromwich Albion
84%
Outgoings Senegal ST Mbaye Diagne 19/20 Club Brugge
84%
Incomings Uruguay GK Fernando Muslera 11/12 Lazio
83%
Incomings Turkey ST Burak Yilmaz 12/13 Trabzonspor
81%
Outgoings Turkey ST Burak Yilmaz 15/16 Beijing Guoan
81%
Incomings Portugal LW Bruma 13/14 Sporting CP
78%
Outgoings Portugal LW Bruma 17/18 RB Leipzig
78%
Outgoings Portugal LW Bruma 15/16 Real Sociedad
78%
Incomings Morocco AM Younes Belhanda 17/18 Dynamo Kyiv
78%
Incomings Uruguay DM Lucas Torreira 22/23 Arsenal
73%
Incomings Denmark CB Victor Nelsson 21/22 Kobenhavn
71%
Incomings Romania AM Gheorghe Hagi 96/97 Barcelona
70%
Incomings Turkey RW Baris Alper Yilmaz 21/22 Ankara Keciorengucu
69%
Incomings Brazil DM Fernando 17/18 Manchester City
69%
Outgoings Brazil DM Fernando 19/20 Sevilla
69%
Incomings Brazil CB Marcao 18/19 Chaves
69%
Outgoings Brazil CB Marcao 22/23 Sevilla
69%
Incomings Brazil LB Alex Telles 13/14 Gremio
68%
Outgoings Brazil LB Alex Telles 16/17 Porto
68%
Outgoings Brazil LB Alex Telles 15/16 Inter Milan
68%
Incomings Morocco RW Nordin Amrabat 12/13 Kayserispor
68%
Outgoings Morocco RW Nordin Amrabat 15/16 Malaga
68%
Outgoings Morocco RW Nordin Amrabat 14/15 Malaga
68%
Incomings Senegal CM Badou Ndiaye 17/18 Osmanlispor
67%
Outgoings Senegal CM Badou Ndiaye 17/18 Stoke City
67%
Incomings Austria RW Yusuf Demir 22/23 Rapid Vienna
64%
Incomings Romania AM Alexandru Cicaldau 21/22 Universitatea Craiova
63%
Outgoings Turkey LW Arda Turan 11/12 Atletico Madrid
62%
Incomings Ivory Coast RB Emmanuel Eboue 11/12 Arsenal
62%
Incomings Brazil CB Felipe Melo 13/14 Juventus
62%
Incomings Brazil CB Felipe Melo 12/13 Juventus
62%
Incomings Spain CB Felipe Melo 11/12 Juventus
62%
Outgoings Brazil CB Felipe Melo 15/16 Inter Milan
62%
Incomings Germany SS Lukas Podolski 15/16 Arsenal
62%
Outgoings Germany SS Lukas Podolski 17/18 Vissel Kobe
62%
Incomings Romania RW Olimpiu Morutan 21/22 Steaua Bucharest
62%
Outgoings Romania RW Olimpiu Morutan 23/24 Ankaragucu
62%
Incomings France ST Bafetimbi Gomis 17/18 Swansea City
60%
Outgoings France ST Bafetimbi Gomis 18/19 Al-Hilal
60%
Incomings Japan LB Yuto Nagatomo 18/19 Inter Milan
60%
Incomings Japan LB Yuto Nagatomo 17/18 Inter Milan
60%
Incomings Algeria DM Sofiane Feghouli 17/18 West Ham United
59%
Incomings Turkey RM Hamit Altintop 12/13 Real Madrid
58%
Incomings Brazil CB Maicon 17/18 Sao Paulo
58%
Outgoings Brazil CB Maicon 18/19 Al-Nassr
58%
Outgoings Brazil CB Maicon 20/21 Al-Nassr
58%
Incomings DR Congo CB Christian Luyindama 19/20 Standard Liege
57%
Incomings DR Congo CB Christian Luyindama 18/19 Standard Liege
57%
Outgoings Turkey ST Hakan Sukur 00/01 Inter Milan
57%
Incomings Germany CM Kerem Demirbay 23/24 Bayer Leverkusen
57%
Incomings France RB Sacha Boey 21/22 Rennes
57%
Incomings Turkey CB Abdulkerim Bardakci 22/23 Konyaspor
54%
Incomings Cameroon CB Aurelien Chedjou 13/14 Lille
54%
Incomings Cape Verde LW Garry Rodrigues 16/17 PAOK
54%
Outgoings Cape Verde LW Garry Rodrigues 18/19 Al-Ittihad
54%
Incomings Brazil RB Mariano 17/18 Sevilla
54%
Incomings Czech Republic ST Milan Baros 08/09 Lyon
54%
Incomings Egypt ST Mostafa Mohamed 22/23 Zamalek
54%
Incomings Egypt ST Mostafa Mohamed 20/21 Zamalek
54%
Outgoings Egypt ST Mostafa Mohamed 23/24 Nantes
54%
Incomings Portugal CM Sergio Oliveira 22/23 Porto
54%
Incomings Romania CB Gheorghe Popescu 97/98 Barcelona
53%
Outgoings Romania CB Gheorghe Popescu 01/02 Lecce
53%
Incomings Colombia GK Faryd Mondragon 02/03 Metz
51%
Incomings Ivory Coast DM Jean Michael Seri 19/20 Fulham
50%
Incomings Turkey CB Kaan Ayhan 23/24 Sassuolo
50%
Incomings Spain LB Angelino 23/24 RB Leipzig
49%
Incomings Turkey CM Berkan Kutlu 21/22 Alanyaspor
49%
Incomings France LW Franck Ribery 04/05 Metz
49%
Incomings Switzerland ST Haris Seferovic 22/23 Benfica
49%
Incomings France RB Leo Dubois 22/23 Lyon
48%
Incomings Ivory Coast RW Abdul Kader Keita 09/10 Lyon
47%
Outgoings Ivory Coast RW Abdul Kader Keita 10/11 Al-Sadd
47%
Incomings Brazil AM Elano 09/10 Manchester City
47%
Outgoings Brazil AM Elano 10/11 Santos
47%
Incomings Turkey RB Tarik Camdal 14/15 Eskisehirspor
47%
Incomings Brazil GK Claudio Taffarel 98/99 Atletico Mineiro
46%
Outgoings Brazil GK Claudio Taffarel 01/02 Parma
46%
Incomings Switzerland ST Eren Derdiyok 16/17 Kasimpasa
46%
Incomings Gabon DM Mario Lemina 19/20 Southampton
46%
Incomings Norway RB Martin Linnes 15/16 Molde
45%
Incomings Turkey ST Umut Bulut 13/14 Toulouse
45%
Outgoings Turkey CB Ozan Kabak 18/19 Stuttgart
43%
Incomings Czech Republic CB Tomas Ujfalusi 11/12 Atletico Madrid
42%
Incomings Bosnia AM Zvjezdan Misimovic 10/11 Wolfsburg
42%
Outgoings Bosnia AM Zvjezdan Misimovic 10/11 Dynamo Moscow
42%
Incomings Spain LM Albert Riera 11/12 Olympiacos
41%
Incomings Romania ST Bogdan Stancu 10/11 Steaua Bucharest
41%
Outgoings Romania ST Bogdan Stancu 12/13 Orduspor
41%
Incomings Turkey CM Emre Akbaba 18/19 Alanyaspor
41%
Incomings Norway CM Fredrik Midtsjo 22/23 AZ Alkmaar
41%
Outgoings Norway CM Fredrik Midtsjo 23/24 Pendikspor
41%
Incomings Turkey LB Kazimcan Karatas 22/23 Altay
41%
Outgoings Turkey DM Tugay Kerimoglu 99/00 Rangers
41%
Incomings Turkey CB Serdar Aziz 16/17 Bursaspor
40%
Incomings Suriname CB Ryan Donk 15/16 Kasimpasa
39%
Incomings Brazil AM Lincoln 07/08 Schalke
38%
Outgoings Brazil AM Lincoln 09/10 Palmeiras
38%
Outgoings Turkey CB Semih Kaya 17/18 Sparta Prague
38%
Incomings Turkey ST Halil Dervisoglu 21/22 Brentford
37%
Outgoings Netherlands LB Patrick van Aanholt 22/23 PSV
37%
Outgoings Netherlands LW Ryan Babel 19/20 Ajax
37%
Outgoings Spain CM Jose Rodriguez 16/17 Mainz
36%
Incomings Albania DM Lorik Cana 10/11 Sunderland
36%
Incomings Belgium RB Luis Pedro Cavanda 16/17 Trabzonspor
36%
Outgoings Belgium RB Luis Pedro Cavanda 18/19 Standard Liege
36%
Incomings Denmark CB Mathias Ross 22/23 Aalborg
36%
Outgoings Turkey RM Umit Davala 01/02 Milan
36%
Incomings Turkey CB Ahmet Calik 16/17 Genclerbirligi
35%
Incomings Switzerland CM Blerim Dzemaili 14/15 Napoli
35%
Outgoings Switzerland CM Blerim Dzemaili 16/17 Bologna
35%
Incomings Turkey CM Engin Baytar 11/12 Trabzonspor
35%
Incomings Bosnia RW Izet Hajrovic 13/14 Grasshoppers
35%
Incomings Turkey RW Sercan Yildirim 11/12 Bursaspor
35%
Incomings Turkey DM Tolga Cigerci 16/17 Hertha Berlin
33%
Incomings Turkey RW Hasan Sas 98/99 Ankaragucu
32%
Incomings Turkey SW Fatih Terim 74/75 Adana Demirspor
31%
Incomings Turkey RW Olcan Adin 14/15 Trabzonspor
31%
Outgoings Greece ST Konstantinos Mitroglou 19/20 PSV
30%
Incomings Turkey DM Mehmet Topal 06/07 Dardanelspor
30%
Outgoings Turkey DM Mehmet Topal 10/11 Valencia
30%
Incomings DR Congo ST Shabani Nonda 07/08 Roma
30%
Incomings Germany RB Kevin Großkreutz 15/16 Borussia Dortmund
29%
Outgoings Germany RB Kevin Großkreutz 15/16 Stuttgart
29%
Incomings Germany CB Koray Gunter 13/14 Borussia Dortmund
29%
Incomings Portugal CB Fernando Meira 08/09 Stuttgart
28%
Outgoings Portugal CB Fernando Meira 08/09 Zenit
28%
Incomings Turkey LB Hakan Unsal 02/03 Blackburn Rovers
28%
Outgoings Turkey LB Hakan Unsal 01/02 Blackburn Rovers
28%
Incomings France LB Lionel Carole 15/16 Troyes
28%
Incomings Turkey ST Umit Karan 01/02 Genclerbirligi
27%
Incomings Sweden DM Tobias Linderoth 07/08 Kobenhavn
26%
Incomings Turkey ST Arif Erdem 00/01 Real Sociedad
25%
Outgoings Turkey ST Arif Erdem 00/01 Real Sociedad
25%
Incomings Cameroon CB Dany Nounkeu 12/13 Gaziantepspor
25%
Incomings Colombia RW Juan Pablo Pino 10/11 Monaco
24%
Incomings Turkey ST Ogulcan Caglayan 20/21 Caykur Rizespor
24%
Incomings Cameroon CB Rigobert Song 04/05 Lens
24%
Incomings Serbia CM Sasa Ilic 05/06 Partizan Belgrade
24%
Incomings Turkey LW Yasin Oztekin 14/15 Kayseri Erciyesspor
23%
Incomings Turkey LB Hakan Balta 07/08 Manisaspor
20%
Incomings Argentina CM Emmanuel Culio 10/11 CFR Cluj
19%
Incomings Turkey CM Yekta Kurtulus 10/11 Kasimpasa
19%
Incomings Turkey RB Serkan Kurtulus 08/09 Bursaspor
17%
Incomings Brazil DM Batista 01/02 Gaziantepspor
16%
Outgoings Brazil DM Batista 04/05 Shakhtar Donetsk
16%
Outgoings Turkey RB Fatih Akyel 01/02 Mallorca
16%
Incomings Romania CB Iulian Filipescu 96/97 Steaua Bucharest
15%
Outgoings Romania CB Iulian Filipescu 98/99 Real Betis
15%
Incomings Argentina RW Lucas Ontivero 13/14 Fenix
15%
Incomings Turkey DM Bulent Akin 00/01 Denizlispor
14%
Incomings Argentina AM Marcelo Carrusca 06/07 Estudiantes
13%
Incomings Romania ST Adrian Ilie 96/97 Steaua Bucharest
12%
Outgoings Romania ST Adrian Ilie 97/98 Valencia
12%
Outgoings Bosnia ST Elvir Bolic 92/93 Gaziantepspor
12%
Outgoings Turkey ST Hasan Kabze 07/08 Rubin Kazan
12%
Incomings Czech Republic ST Marek Heinz 05/06 Borussia Monchengladbach
12%
Incomings Turkey ST Serkan Aykut 00/01 Samsunspor
12%
Incomings Portugal RB Abel Xavier 02/03 Liverpool
10%
Incomings DR Congo ST Ali Lukunku 02/03 Standard Liege
9%
Outgoings DR Congo ST Ali Lukunku 04/05 Gent
9%
Incomings Brazil RB Cesar Prates 03/04 Sporting CP
9%
Incomings Turkey RB Emrah Eren 99/00 Adanaspor
9%
Incomings Turkey RW Yigit Gokoglan 11/12 Manisaspor
9%
Incomings Turkey RB Salih Dursun 13/14 Kayserispor
8%
Incomings Turkey CB Caglar Birinci 10/11 Denizlispor
7%
Incomings Wales ST Dean Saunders 95/96 Aston Villa
7%
Outgoings Wales ST Dean Saunders 96/97 Nottingham Forest
7%
Incomings Romania CB Gabriel Tamas 03/04 Dinamo Bucharest
7%
Outgoings Romania CB Gabriel Tamas 03/04 Spartak Moscow
7%
Incomings Turkey LB Volkan Yaman 07/08 Antalyaspor
7%
Incomings Brazil ST Christian 02/03 Bordeaux
6%
Incomings Romania ST Florin Bratu 03/04 Rapid Bucharest
6%
Outgoings Romania ST Florin Bratu 04/05 Nantes
6%
Outgoings Belgium ST Mbo Mpenza 01/02 Excelsior Mouscron
5%
Outgoings England RB Barry Venison 95/96 Southampton
4%
Outgoings Turkey CB Emre Gungor 10/11 Gaziantepspor
4%
Incomings Turkey DM Tolunay Kafkas 98/99 Trabzonspor
4%
No matching quizzes found
Score Distribution
Percent of People with Each Score
Percentile by Number Answered
Your Score History
You have not taken this quiz